[Event "Interclub A"]
[Site "Adelaide"]
[Date "2008.06.17"]
[Round "8.2"]
[White "Milton, Anthony W"]
[Black "Atrens, Edvard"]
[Result "1-0"]
[WhiteElo "1500"]
[BlackElo "1397"]
[PlyCount "53"]
[EventDate "2008.04.29"]

1. d4 Nf6 2. c4 g6 3. Nc3 Bg7 4. e4 d6 5. Bd3 O-O 6. Nge2 Nc6 7. f3 e5 8. d5
Ne7 9. Be3 Nd7 10. O-O f5 11. Qc2 f4 12. Bf2 Nf6 13. c5 g5 14. cxd6 cxd6 15.
Nb5 g4 16. Nc7 gxf3 17. Nxa8 fxg2 18. Rfc1 Ng4 19. Qc7 Qe8 20. h3 Qh5 21. Qxe7
Bf6 22. Qxf8+ Kxf8 23. Rxc8+ Kf7 24. Rc7+ Kg6 25. Nxf4+ exf4 26. e5+ Kg5 27.
h4+ 1-0

[Event "Interclub A"]
[Site "Adelaide"]
[Date "2008.06.17"]
[Round "8.3"]
[White "Glascott, Brent"]
[Black "Griggs, James"]
[Result "0-1"]
[WhiteElo "1178"]
[BlackElo "1464"]
[PlyCount "92"]
[EventDate "2008.04.29"]

1. e4 b6 2. Nc3 Bb7 3. d3 e6 4. a3 Nf6 5. Nf3 d5 6. e5 Nfd7 7. Be2 c5 8. d4
cxd4 9. Qxd4 Bc5 10. Qg4 Kf8 11. O-O a6 12. Re1 Nc6 13. Bd3 d4 14. Na4 b5 15.
Nxc5 Nxc5 16. Bf1 h6 17. Bf4 Qc7 18. Rad1 Rd8 19. Bg3 g6 20. Nxd4 Kg7 21. Nxc6
Bxc6 22. Rd6 Bd5 23. c4 bxc4 24. Bxc4 Nb7 25. Bxd5 Nxd6 26. exd6 Qa5 27. Qe4
Qxd5 28. Qxd5 exd5 29. Re7 Rhe8 30. h3 Rxe7 31. dxe7 Rc8 32. Be5+ f6 33. Bc7
Kf7 34. Bd6 Rc2 35. b3 Rc3 36. b4 Rxa3 37. b5 Ra1+ 38. Kh2 axb5 39. Kg3 Re1 40.
Kf3 Rxe7 41. Bxe7 Kxe7 42. Ke3 Ke6 43. Kd4 b4 44. f3 Kf5 45. g3 g5 46. Kd3 Ke5
0-1

[Event "Interclub A"]
[Site "Adelaide"]
[Date "2008.06.17"]
[Round "8.4"]
[White "Davey, Timothy"]
[Black "Atrens, Karlis"]
[Result "1/2-1/2"]
[WhiteElo "1325"]
[BlackElo "1166"]
[PlyCount "52"]
[EventDate "2008.04.29"]

1. e4 c6 2. d4 d5 3. e5 Bf5 4. g4 Be4 5. f3 Bg6 6. h4 h6 7. Bd3 Bxd3 8. Qxd3 e6
9. c3 Be7 10. h5 Bh4+ 11. Ke2 Bg5 12. f4 Be7 13. Nf3 c5 14. dxc5 Bxc5 15. Qb5+
Nd7 16. b4 Qb6 17. Qxb6 Bxb6 18. Na3 Rc8 19. Nb5 Ke7 20. Bd2 f6 21. Rac1 a6 22.
Nd6 Rb8 23. Nh4 Nf8 24. c4 Bc7 25. c5 b6 26. Nc8+ Kd7 1/2-1/2

[Event "Interclub A"]
[Site "Adelaide"]
[Date "2008.06.17"]
[Round "8.1"]
[White "Zaric, Srboljub"]
[Black "Zulfic, Fedja"]
[Result "1-0"]
[WhiteElo "2101"]
[BlackElo "1862"]
[PlyCount "107"]
[EventDate "2008.04.29"]

1. c4 c5 2. Nc3 Nc6 3. g3 g6 4. Bg2 Bg7 5. Nh3 e6 6. O-O Nge7 7. Nf4 O-O 8. Rb1
b6 9. a3 Bb7 10. b4 d6 11. e3 Rb8 12. Qc2 Ne5 13. Ne4 d5 14. cxd5 exd5 15. Ng5
cxb4 16. d4 Nc4 17. axb4 Rc8 18. Qa2 a6 19. h4 b5 20. Nd3 Qb6 21. Nc5 Rc7 22.
Nh3 Ra8 23. Nf4 a5 24. bxa5 Rxa5 25. Qe2 Ba8 26. Nfd3 Rca7 27. Nb4 Ra1 28. Bb2
Rxb1 29. Rxb1 Rc7 30. Ra1 Bb7 31. Ra2 Nxb2 32. Rxb2 Rc8 33. Nxb7 Qxb7 34. Nd3
Rc4 35. Rb3 Qa6 36. Qb2 Qa4 37. Bf1 Nf5 38. Rxb5 Bf8 39. Rxd5 Qd1 40. Qe2 Qb3
41. Rd8 Rc2 42. Qf3 Qb6 43. Qa8 Qc7 44. Rxf8+ Kg7 45. Rg8+ Kh6 46. Qf3 Ne7 47.
Rf8 Nd5 48. Qxd5 f6 49. Rf7 Qc8 50. Qe4 Qg8 51. Qf4+ g5 52. Qxf6+ Kh5 53. Rxh7+
Kg4 54. Ne5# 1-0

[Event "Interclub A"]
[Site "Adelaide"]
[Date "2008.06.19"]
[Round "8.2"]
[White "Sheldrick, Kevin"]
[Black "Hoff, Michael"]
[Result "0-1"]
[WhiteElo "1992"]
[BlackElo "1840"]
[PlyCount "116"]
[EventDate "2008.04.29"]

1. e4 d6 2. d4 Nf6 3. Nc3 g6 4. f4 Bg7 5. Nf3 O-O 6. Be3 c6 7. h3 Nh5 8. g4 Ng3
9. Rg1 Nxf1 10. Kxf1 b5 11. Qd2 Nd7 12. f5 b4 13. Ne2 c5 14. a3 Bb7 15. Ng3 a5
16. Bh6 Nf6 17. Re1 d5 18. e5 Ne4 19. Qf4 Ba6+ 20. Kg2 Nxg3 21. Kxg3 bxa3 22.
bxa3 f6 23. exf6 Rxf6 24. Bg5 Rf7 25. Ne5 Bxe5 26. Rxe5 Qd6 27. Rge1 cxd4 28.
Bxe7 Qc6 29. Qxd4 Qxc2 30. Qxd5 Rb8 31. Bf6 Qb3+ 32. Kh4 Qxd5 33. Rxd5 Rxf6 34.
Rd7 Rf7 35. Rd6 gxf5 36. Rxa6 Rb5 37. Re8+ Kg7 38. g5 Rc7 39. Raa8 Kf7 40. Rh8
Ke6 41. Ra6+ Ke5 42. Kh5 Kf4 43. h4 Kg3 44. Rf6 Rc4 45. Kh6 Rxh4+ 46. Kg7 Rb7+
47. Rf7 Rxf7+ 48. Kxf7 f4 49. Rb8 f3 50. Kg7 f2 51. Rb1 Kg2 52. Kf6 f1=Q+ 53.
Rxf1 Kxf1 54. Ke5 Ra4 55. Kf6 Rxa3 56. Kg7 a4 57. Kxh7 Rh3+ 58. Kg6 a3 0-1

[Event "Interclub A"]
[Site "Adelaide"]
[Date "2008.06.17"]
[Round "8.3"]
[White "Ballard, Peter"]
[Black "Short, Andrew"]
[Result "1/2-1/2"]
[WhiteElo "1905"]
[BlackElo "1703"]
[PlyCount "30"]
[EventDate "2008.04.29"]

1. e4 e5 2. Nf3 Nc6 3. Bb5 a6 4. Ba4 Nf6 5. d3 d6 6. O-O Be7 7. c3 b5 8. Bc2
O-O 9. Re1 Re8 10. d4 Bf8 11. d5 Ne7 12. a4 Bb7 13. h3 Ng6 14. Na3 c5 15. b4 c4
1/2-1/2

[Event "Interclub A"]
[Site "Adelaide"]
[Date "2008.06.17"]
[Round "8.4"]
[White "Turcaj, Pavel"]
[Black "Lidums, Aivars"]
[Result "1-0"]
[WhiteElo "1566"]
[BlackElo "1583"]
[PlyCount "91"]
[EventDate "2008.04.29"]

1. e4 c5 2. Nf3 Nc6 3. d4 cxd4 4. Nxd4 Nf6 5. Nc3 e5 6. Nf3 Bb4 7. Bd3 O-O 8.
O-O h6 9. Nd5 Bc5 10. a3 a6 11. b4 Ba7 12. Bb2 d6 13. c4 Bg4 14. h3 Bxf3 15.
Qxf3 Bd4 16. Bxd4 Nxd4 17. Nxf6+ Qxf6 18. Qxf6 gxf6 19. f4 Kg7 20. f5 Kh7 21.
Kf2 Rg8 22. Rab1 Rg5 23. c5 Rag8 24. Rg1 Rg3 25. Bc4 Rc3 26. Bxf7 Rc2+ 27. Kf1
Rd8 28. g4 dxc5 29. bxc5 Rxc5 30. Rxb7 Nf3 31. Bd5+ Kh8 32. Rg3 Nd2+ 33. Ke1
Rc2 34. Rd3 Nc4 35. Bxc4 Rc1+ 36. Kd2 Rxd3+ 37. Kxd3 Ra1 38. Rb3 Rh1 39. Kd2 a5
40. a4 Rh2+ 41. Be2 Rh1 42. Rb5 Rxh3 43. Rxa5 Ra3 44. Ra7 Rb3 45. a5 Rb4 46.
Bd3 1-0

[Event "Interclub A"]
[Site "Adelaide"]
[Date "2008.06.17"]
[Round "8.1"]
[White "Sykes, Alexander"]
[Black "Mdinaradze, Edgar"]
[Result "1-0"]
[WhiteElo "1920"]
[BlackElo "1908"]
[PlyCount "141"]
[EventDate "2008.04.29"]

1. d4 Nf6 2. c4 d6 3. Nc3 g6 4. e4 Bg7 5. Bg5 c5 6. d5 Qa5 7. Bd3 Nbd7 8. f4 b5
9. cxb5 c4 10. Bc2 Nc5 11. Qd2 a6 12. bxa6 Bxa6 13. Nf3 Rb8 14. Rb1 Nd3+ 15.
Bxd3 cxd3 16. O-O O-O 17. Kh1 Rb7 18. a3 Rc8 19. Rfc1 Rbc7 20. Re1 Ng4 21. e5
Qc5 22. h3 Nh6 23. Bh4 f6 24. Bg3 Nf5 25. Bf2 Qa5 26. g4 Rxc3 27. bxc3 Qxd5 28.
gxf5 Qxf3+ 29. Kh2 fxe5 30. fxg6 hxg6 31. Rg1 Kf7 32. fxe5 Bxe5+ 33. Bg3 Qe2+
34. Qxe2 dxe2 35. Bxe5 dxe5 36. Rbc1 Kf6 37. Kg3 Ke6 38. Kf2 Rf8+ 39. Ke3 Rf6
40. c4 Kd6 41. Kxe2 Kc5 42. Ke3 Bb7 43. Rg3 Ra6 44. Rc3 Bc8 45. Ke4 Re6 46. Rc1
Bb7+ 47. Ke3 Ra6 48. Rc3 Bc8 49. h4 Bf5 50. Rg5 e6 51. h5 gxh5 52. Rxh5 Rb6 53.
Rh8 Rb7 54. Rc8+ Kb6 55. c5+ Ka7 56. c6 Rh7 57. Kf2 Be4 58. Re8 Rf7+ 59. Ke2
Rc7 60. Rxe6 Kb6 61. Rxe5 Bxc6 62. Re6 Kb7 63. Ke3 Bd5 64. Rxc7+ Kxc7 65. Re5
Bg2 66. Rb5 Bb7 67. Kd4 Kb8 68. Kc5 Ka7 69. Ra5+ Kb8 70. Kb6 Bc8 71. Rh5 1-0

[Event "Interclub A"]
[Site "Adelaide"]
[Date "2008.06.17"]
[Round "8.2"]
[White "Juszczynski, Mathew"]
[Black "Djelaj, Pasko"]
[Result "1-0"]
[WhiteElo "1906"]
[BlackElo "1647"]
[PlyCount "93"]
[EventDate "2008.04.29"]

1. e4 c5 2. Nf3 e6 3. d4 cxd4 4. Nxd4 d6 5. c4 a6 6. Nc3 Nf6 7. Be2 Be7 8. O-O
Nbd7 9. Be3 Qc7 10. f4 b6 11. f5 e5 12. Nb3 Bb7 13. Nd2 Rd8 14. Qe1 O-O 15. Qg3
Kh8 16. Bg5 Rg8 17. Rac1 Qb8 18. b4 d5 19. cxd5 Bxb4 20. Kh1 b5 21. Qf3 Rc8 22.
Rc2 Qd6 23. Rfc1 Ba3 24. Rb1 Ba8 25. Bxb5 Rxc3 26. Rxc3 Bb4 27. Bxd7 Bxc3 28.
Qxc3 Nxd7 29. Be3 Nf6 30. Nc4 Qe7 31. Qxe5 Qd7 32. Rb8 Qa4 33. Rxg8+ Nxg8 34.
Nd6 Qd7 35. Bd4 Nf6 36. Qf4 Kg8 37. h3 Qe7 38. Bxf6 gxf6 39. h4 h5 40. Nc4 Kh7
41. d6 Qb7 42. Kh2 Qc6 43. Ne3 Qd7 44. e5 fxe5 45. Qxe5 Qa4 46. Qg3 Bc6 47. f6
1-0

[Event "Interclub A"]
[Site "Adelaide"]
[Date "2008.06.17"]
[Round "8.4"]
[White "Staak, Eric"]
[Black "Hill, Steven"]
[Result "0-1"]
[WhiteElo "1473"]
[BlackElo "1426"]
[PlyCount "115"]
[EventDate "2008.04.29"]

1. e4 c6 2. Nc3 d5 3. Nf3 Bg4 4. h3 dxe4 5. Nxe4 Bh5 6. Bc4 e6 7. d3 Qc7 8. Qe2
Nd7 9. Bd2 Ne5 10. g4 Nxf3+ 11. Qxf3 Bg6 12. h4 Bxe4 13. dxe4 Bd6 14. O-O-O
O-O-O 15. Bc3 Bf4+ 16. Kb1 e5 17. Rxd8+ Kxd8 18. Rd1+ Ke7 19. Qd3 Nf6 20. f3 h6
21. a4 b6 22. b4 Rd8 23. Qxd8+ Qxd8 24. Rxd8 Kxd8 25. Bxf7 Ke7 26. Bg6 Ng8 27.
Bb2 Kf6 28. Be8 Ne7 29. c4 g6 30. Kc2 Bg3 31. Kd3 Bxh4 32. f4 Kg7 33. Bxe5+ Kf8
34. Bd7 Kf7 35. Bb8 Bg3 36. Ke3 g5 37. b5 cxb5 38. cxb5 gxf4+ 39. Kf3 Ng6 40.
Ke2 f3+ 41. Kf1 Bxb8 42. Bc6 Ne5 43. Bd5+ Kf6 44. Kf2 Kg5 45. Be6 Kf4 46. Bf5
Nd3+ 47. Kf1 Nc5 48. a5 bxa5 49. Bg6 a4 50. b6 axb6 51. e5 Bxe5 52. g5 hxg5 53.
Bf7 g4 54. Kg1 Ke3 55. Bc4 Nd3 56. Kf1 g3 57. Bxd3 Kxd3 58. Kg1 0-1

[Event "Interclub A"]
[Site "Adelaide"]
[Date "2008.06.17"]
[Round "8.1"]
[White "Zorkovic, Ante"]
[Black "Kerr, Bill"]
[Result "0-1"]
[WhiteElo "1506"]
[BlackElo "1958"]
[PlyCount "40"]
[EventDate "2008.04.29"]

1. d4 Nc6 2. c4 e5 3. d5 Nce7 4. e4 Ng6 5. Nf3 Bc5 6. a3 d6 7. h3 Nf6 8. Nc3 a6
9. b4 Ba7 10. Bg5 h6 11. Bd2 O-O 12. Qc1 Qe7 13. Bd3 Nh5 14. Ne2 f5 15. Qc2 f4
16. Neg1 Bd7 17. a4 c6 18. a5 cxd5 19. exd5 e4 20. Bxe4 Nf6 0-1

[Event "Interclub A"]
[Site "Adelaide"]
[Date "2008.06.17"]
[Round "8.2"]
[White "Jelic, Mato"]
[Black "Ivkovic, Novica"]
[Result "1-0"]
[WhiteElo "1741"]
[BlackElo "1717"]
[PlyCount "72"]
[EventDate "2008.04.29"]

1. c4 Nf6 2. g3 Ne4 3. d3 Nf6 4. Bg2 Ng4 5. e4 Nf6 6. Ne2 Ng8 7. Nbc3 e5 8. O-O
h5 9. Be3 h4 10. d4 Nc6 11. d5 Nce7 12. f4 hxg3 13. Nxg3 Ng6 14. Nf5 d6 15. Qe1
Nf6 16. h3 Ne7 17. fxe5 dxe5 18. Qg3 Ng6 19. Rad1 Nh5 20. Qg5 Qxg5 21. Bxg5 f6
22. Be3 Ngf4 23. Nb5 Kd8 24. d6 c6 25. Nc7 Rb8 26. Bxa7 Bxf5 27. exf5 Rc8 28.
Ne6+ Kd7 29. Nc5+ Ke8 30. d7+ Kd8 31. Bb6+ Ke7 32. dxc8=Q Kf7 33. Ne6 Bc5+ 34.
Bxc5 Rxc8 35. Nxf4 Nxf4 36. Rxf4 exf4 1-0

[Event "Interclub A"]
[Site "Adelaide"]
[Date "2008.06.17"]
[Round "8.3"]
[White "Miletic, Savo"]
[Black "Anderson-Smith, William"]
[Result "0-1"]
[WhiteElo "1533"]
[BlackElo "1573"]
[PlyCount "62"]
[EventDate "2008.04.29"]

1. d4 d5 2. Nf3 Nf6 3. Bf4 Bf5 4. e3 e6 5. Be2 Bd6 6. Bg5 Nbd7 7. Nbd2 O-O 8.
Nh4 Bg6 9. f4 h6 10. Bxf6 Nxf6 11. g3 c5 12. c3 a6 13. Ndf3 Be4 14. Bd3 b5 15.
Rg1 b4 16. g4 Bxd3 17. Qxd3 bxc3 18. bxc3 cxd4 19. cxd4 Bb4+ 20. Kf1 Ne4 21. g5
h5 22. g6 f6 23. Kg2 Qd7 24. h3 Rfc8 25. Rac1 Rc3 26. Qe2 Qa4 27. Rgd1 Qb5 28.
Qb2 Rac8 29. Rxc3 Rxc3 30. Ne1 Rxe3 31. Qc1 Qe2+ 0-1

[Event "Interclub A"]
[Site "Adelaide"]
[Date "2008.06.24"]
[Round "9.1"]
[White "Kerr, Bill"]
[Black "Goldsmith, Alan"]
[Result "0-1"]
[WhiteElo "1958"]
[BlackElo "2030"]
[PlyCount "46"]
[EventDate "2008.04.29"]

1. d4 d5 2. Nc3 Nf6 3. Bg5 Ne4 4. Nxe4 dxe4 5. e3 Qd5 6. Bf4 Na6 7. Ne2 g5 8.
Nc3 Qa5 9. Be5 Rg8 10. Qd2 f6 11. Bc4 Rg6 12. Bg3 e5 13. Nxe4 Nb4 14. O-O-O Bf5
15. dxe5 fxe5 16. Nxg5 Rc6 17. Qe2 Nxa2+ 18. Kb1 Nc3+ 19. bxc3 Rb6+ 20. Kc1
Ba3+ 21. Kd2 O-O-O+ 22. Bd3 Bxd3 23. Qg4+ Bf5+ 0-1

[Event "Interclub A"]
[Site "Adelaide"]
[Date "2008.06.24"]
[Round "9.2"]
[White "Vosvotekas, Ross"]
[Black "Jelic, Mato"]
[Result "1-0"]
[WhiteElo "1649"]
[BlackElo "1741"]
[Annotator "Anderson-Smith,W.T."]
[PlyCount "118"]
[EventDate "2008.04.29"]

1. e4 c5 2. Nf3 Nc6 3. d4 cxd4 4. Nxd4 g6 5. Be3 Bg7 6. Nc3 Nf6 7. f3 O-O 8.
Qd2 d5 9. O-O-O dxe4 10. Nxe4 Nxe4 11. fxe4 Bg4 12. Nxc6 bxc6 13. Qxd8 Rfxd8
14. Rxd8+ Rxd8 15. Bd3 Bd4 16. Bxd4 Rxd4 17. h3 Be6 18. b3 f5 19. exf5 Bxf5 20.
Rd1 Bxd3 21. Rxd3 Rxd3 22. cxd3 Kf7 23. d4 Ke6 24. Kd2 Kd5 25. Kd3 a5 26. a3 g5
27. g3 h5 {Forfeit [Mobile Telephone]} 28. Ke3 e5 29. dxe5 Kxe5 30. b4 axb4 31.
axb4 g4 32. h4 Kd5 33. Kd3 Ke5 34. Ke3 Kd5 35. Kf4 Kc4 36. Kg5 Kxb4 37. Kxh5 c5
38. Kxg4 c4 39. h5 c3 40. h6 c2 41. h7 c1=Q 42. h8=Q Qd1+ 43. Kf4 Qd2+ 44. Kf5
Qd3+ 45. Ke6 Qxg3 46. Qf8+ Kb5 47. Qf5+ Kb6 48. Qb1+ Ka7 49. Qa2+ Kb6 50. Qb2+
Kc6 51. Qc2+ Kb6 52. Qb1+ Kc6 53. Qe4+ Kb6 54. Qb4+ Kc7 55. Qc4+ Kb6 56. Qb4+
Kc6 57. Qa4+ Kb6 58. Qd4+ Kc6 59. Qd7+ Kb6 1-0

[Event "Interclub A"]
[Site "Adelaide"]
[Date "2008.06.24"]
[Round "9.3"]
[White "Anderson-Smith, William"]
[Black "Cooke, Tristrom"]
[Result "0-1"]
[WhiteElo "1573"]
[BlackElo "1558"]
[PlyCount "128"]
[EventDate "2008.04.29"]

1. d4 d5 2. c4 c6 3. Nc3 dxc4 4. a4 Nf6 5. Nf3 Bf5 6. e3 Na6 7. Ne5 Nb4 8. Bxc4
e6 9. Bd3 Bxd3 10. Nxd3 Nxd3+ 11. Qxd3 Bb4 12. O-O O-O 13. Bd2 e5 14. Rad1 exd4
15. exd4 Qd6 16. Ne4 Nxe4 17. Qxe4 Bxd2 18. Rxd2 Rfe8 19. Qc2 Re6 20. Rfd1 Rae8
21. Rf1 Rh6 22. h3 Rg6 23. b3 Qd5 24. f3 h6 25. Rd3 Qf5 26. Rd2 Qxc2 27. Rxc2
Re3 28. Rb1 Rxf3 29. b4 Rd3 30. b5 Rxd4 31. a5 Ra4 32. bxc6 Rxc6 33. Rcb2 Rxa5
34. Rxb7 Ra2 35. Rf1 Rf6 36. Rd1 Rff2 37. Rxa7 Rxg2+ 38. Kh1 Rh2+ 39. Kg1 Rxa7
40. Kxh2 Kh7 41. Kg3 Ra4 42. Rd7 f6 43. h4 h5 44. Rd5 Kg6 45. Rd3 Rg4+ 46. Kh3
f5 47. Rd6+ Kf7 48. Rd5 Ke6 49. Ra5 Rd4 50. Ra3 Ke5 51. Rf3 f4 52. Rf2 Rd3+ 53.
Kh2 Kf5 54. Rg2 g6 55. Rg5+ Kf6 56. Rg2 Re3 57. Rf2 Kf5 58. Rg2 f3 59. Rg5+ Kf4
60. Kg1 Re6 61. Kf2 Re2+ 62. Kf1 Rg2 63. Ra5 Kg3 64. Ra4 Rh2 0-1

[Event "Interclub A"]
[Site "Adelaide"]
[Date "2008.06.24"]
[Round "9.4"]
[White "Cameron, Alistair"]
[Black "Eustace, Sophie"]
[Result "1-0"]
[WhiteElo "1417"]
[BlackElo "1452"]
[PlyCount "51"]
[EventDate "2008.04.29"]

1. d4 d5 2. c4 e6 3. Nc3 c6 4. Nf3 Nf6 5. Bg5 Be7 6. e3 O-O 7. Bd3 h6 8. Bh4
Nbd7 9. O-O dxc4 10. Bxc4 c5 11. Qe2 cxd4 12. Nxd4 Ne5 13. Bb3 a6 14. Rfd1 Nfd7
15. Bg3 Qe8 16. Bxe6 Bc5 17. Bb3 Nf6 18. Nd5 Nxd5 19. Bxd5 Qe7 20. Rac1 Bd6 21.
Rxc8 Raxc8 22. Nf5 Qf6 23. Nxd6 Rc7 24. Nc4 Nxc4 25. Bxc7 Ne5 26. Bxb7 1-0

[Event "Interclub A"]
[Site "Adelaide"]
[Date "2008.06.24"]
[Round "9.1"]
[White "Mdinaradze, Edgar"]
[Black "Zorkovic, Ante"]
[Result "1-0"]
[WhiteElo "1908"]
[BlackElo "1506"]
[PlyCount "38"]
[EventDate "2008.04.29"]

1. d4 Nf6 2. c4 d6 3. Nc3 c6 4. e4 Nbd7 5. f3 g6 6. Be3 Bg7 7. h4 Nh5 8. Nge2
e5 9. d5 Nb6 10. b3 O-O 11. g4 Nf6 12. Qd2 cxd5 13. cxd5 Bd7 14. h5 Rc8 15. Bh6
Bxg4 16. Bxg7 Bxf3 17. Bxf6 Qxf6 18. Rh2 Bxh5 19. Qh6 Qf3 1-0

[Event "Interclub A"]
[Site "Adelaide"]
[Date "2008.06.24"]
[Round "9.2"]
[White "Ivkovic, Novica"]
[Black "Juszczynski, Mathew"]
[Result "0-1"]
[WhiteElo "1717"]
[BlackElo "1906"]
[PlyCount "82"]
[EventDate "2008.04.29"]

1. f4 Nf6 2. Nf3 g6 3. e3 Bg7 4. d4 O-O 5. Bd3 c5 6. c3 d6 7. Qc2 Nc6 8. Nbd2
a6 9. Ne4 Nxe4 10. Bxe4 Qc7 11. h4 Bg4 12. Nh2 Qd7 13. g3 e5 14. d5 Ne7 15. O-O
Bh3 16. Rf2 b5 17. b3 f5 18. Bf3 e4 19. Be2 Nxd5 20. Bd2 Nb6 21. Rc1 d5 22. Qd1
d4 23. h5 Rfd8 24. hxg6 hxg6 25. c4 b4 26. Nf1 d3 27. Bh5 gxh5 28. Qxh5 Bxf1
29. Kxf1 Qf7 30. Qh3 Nd7 31. Rh2 Nf6 32. Kg2 Qg6 33. Qh4 Kf7 34. Rch1 Ng4 35.
Rh3 Rh8 36. Qxh8 Rxh8 37. Rxh8 Bxh8 38. Rxh8 Qf6 39. Ra8 Qb2 40. Ra7+ Kg6 41.
Rxa6+ Nf6 0-1

[Event "Interclub A"]
[Site "Adelaide"]
[Date "2008.06.24"]
[Round "9.3"]
[White "Lang, Grahame"]
[Black "Miletic, Savo"]
[Result "1-0"]
[WhiteElo "1703"]
[BlackElo "1533"]
[PlyCount "49"]
[EventDate "2008.04.29"]

1. e4 d5 2. exd5 Qxd5 3. Nc3 Qa5 4. d4 Nf6 5. Bd3 c6 6. Nge2 Bg4 7. f3 Bh5 8.
Nf4 Bg6 9. Nxg6 hxg6 10. Qe2 e6 11. Bd2 Qc7 12. g4 Bd6 13. O-O-O Rxh2 14. Rxh2
Bxh2 15. Rh1 Bd6 16. Rh8+ Bf8 17. f4 Nbd7 18. f5 gxf5 19. gxf5 e5 20. Bf4 O-O-O
21. dxe5 Re8 22. Kd1 Nxe5 23. Bxe5 Rxe5 24. Rxf8+ Ne8 25. Rxe8+ 1-0

[Event "Interclub A"]
[Site "Adelaide"]
[Date "2008.06.24"]
[Round "9.4"]
[White "Lozic, Anto"]
[Black "Staak, Eric"]
[Result "0-1"]
[WhiteElo "1407"]
[BlackElo "1473"]
[PlyCount "86"]
[EventDate "2008.04.29"]

1. e4 e6 2. Bc4 d5 3. exd5 exd5 4. Bb3 c6 5. c3 Bd6 6. d4 Ne7 7. Be3 O-O 8. Nd2
Nf5 9. Bc2 Nxe3 10. fxe3 Re8 11. Qf3 Qe7 12. Kf2 Bg4 13. Re1 Bxf3 14. Ngxf3 Nd7
15. b4 Nf6 16. h3 Ne4+ 17. Nxe4 dxe4 18. Nd2 f5 19. Ke2 Qg5 20. Reg1 Qh5+ 21.
g4 Qg6 22. gxf5 Qh5+ 23. Rg4 Qxf5 24. Bxe4 Qh5 25. a3 Re7 26. Bf3 Qe8 27. e4
Rd8 28. Rhg1 g6 29. h4 Kh8 30. e5 Bxe5 31. dxe5 Rxe5+ 32. Re4 Rxd2+ 33. Kxd2
Rxe4 34. Bxe4 Qxe4 35. Re1 Qxh4 36. a4 Qxe1+ 37. Kxe1 Kg7 38. c4 a6 39. Ke2 h5
40. Ke3 g5 41. Ke4 h4 42. Kf3 Kf6 43. Kg4 Ke5 0-1

[Event "Interclub A"]
[Site "Adelaide"]
[Date "2008.06.24"]
[Round "9.1"]
[White "Zulfic, Fedja"]
[Black "Sykes, Alexander"]
[Result "1-0"]
[WhiteElo "1862"]
[BlackElo "1920"]
[PlyCount "51"]
[EventDate "2008.04.29"]

1. c4 Nf6 2. Nc3 d5 3. d4 g6 4. Nf3 Bg7 5. Bf4 O-O 6. e3 c5 7. Rc1 cxd4 8. exd4
Nc6 9. Be2 Bg4 10. c5 Ne4 11. Be3 e6 12. O-O f5 13. Nxe4 fxe4 14. Ng5 Bxe2 15.
Qxe2 Qe7 16. Qd2 e5 17. dxe5 Qxe5 18. g3 d4 19. Bf4 Qf5 20. Qc2 Rae8 21. Qb3+
Kh8 22. Qxb7 Ne5 23. Qxe4 Qxe4 24. Nxe4 Nd3 25. Nd6 Nxc1 26. Rxc1 1-0

[Event "Interclub A"]
[Site "Adelaide"]
[Date "2008.06.24"]
[Round "9.2"]
[White "Saint, Andrew"]
[Black "Djelaj, Pasko"]
[Result "1-0"]
[WhiteElo "1922"]
[BlackElo "1647"]
[PlyCount "109"]
[EventDate "2008.04.29"]

1. d4 Nf6 2. c4 c5 3. d5 d6 4. Nc3 g6 5. e4 Bg7 6. f4 O-O 7. Nf3 e6 8. Be2 exd5
9. exd5 Bg4 10. O-O Nbd7 11. h3 Bxf3 12. Bxf3 a6 13. Re1 Re8 14. Be3 Qa5 15.
Qd3 Rab8 16. a4 Kf8 17. g4 Ng8 18. Bd2 Qc7 19. a5 Rxe1+ 20. Bxe1 Re8 21. Bd2
Nh6 22. Kg2 f5 23. Ra2 Qd8 24. Ne2 fxg4 25. hxg4 Qh4 26. Ng3 Nxg4 27. Bxg4 Qxg4
28. Qf3 Nf6 29. b4 Qxf3+ 30. Kxf3 Rc8 31. Nf1 cxb4 32. Bxb4 Rxc4 33. Bxd6+ Ke8
34. Ne3 Rc3 35. Be5 Rb3 36. Rd2 Kd7 37. Ke2 Rb4 38. Rc2 Ne8 39. Nc4 Bxe5 40.
fxe5 Ke7 41. Kd3 Rb3+ 42. Kd4 Ng7 43. Nd6 Rb4+ 44. Kc5 Rb1 45. Rf2 Nf5 46.
Nxf5+ gxf5 47. Rxf5 Rb5+ 48. Kc4 Rxa5 49. Rh5 b5+ 50. Kc5 b4+ 51. Kc6 b3 52.
Rxh7+ Ke8 53. d6 Rxe5 54. d7+ Kd8 55. Rh8+ 1-0

[Event "Interclub A"]
[Site "Adelaide"]
[Date "2008.06.24"]
[Round "9.3"]
[White "Short, Andrew"]
[Black "Paprzycki, Eryk"]
[Result "1/2-1/2"]
[WhiteElo "1703"]
[BlackElo "1491"]
[PlyCount "109"]
[EventDate "2008.04.29"]

1. e4 c5 2. Nf3 d6 3. d4 cxd4 4. Nxd4 Nf6 5. Nc3 a6 6. Be3 e5 7. Nb3 Be7 8. Bg5
Be6 9. Bxf6 Bxf6 10. Nd5 Bxd5 11. Qxd5 Qc7 12. O-O-O Be7 13. Na5 Nc6 14. Nxc6
bxc6 15. Qd2 O-O 16. Bc4 Qb6 17. Rhf1 a5 18. Qc3 a4 19. g3 Rad8 20. h4 Qb7 21.
Qf3 Rb8 22. Qc3 Rfd8 23. b3 d5 24. Bd3 d4 25. Qb2 Qa7 26. Kd2 axb3 27. axb3
Bb4+ 28. Ke2 Bc3 29. Qc1 h6 30. Bc4 Qd7 31. f4 Qg4+ 32. Kf2 exf4 33. Qxf4 Qxf4+
34. gxf4 Kf8 35. Kf3 f6 36. Rg1 Re8 37. Rg6 Rbc8 38. f5 Rc7 39. h5 Ree7 40.
Rdg1 Bd2 41. Rxf6+ Ke8 42. Re6 Rxe6 43. Bxe6 Bg5 44. Ra1 Bf6 45. Ra8+ Ke7 46.
Ke2 Kd6 47. Kd3 Rb7 48. Ra5 Rc7 49. b4 Rb7 50. Kc4 Rb8 51. Bf7 Be5 52. Be6 Bf6
53. Bf7 Be5 54. Ra7 Bf6 55. Ra5 1/2-1/2

[Event "Interclub A"]
[Site "Adelaide"]
[Date "2008.06.24"]
[Round "9.4"]
[White "Hill, Steven"]
[Black "Turcaj, Pavel"]
[Result "0-1"]
[WhiteElo "1426"]
[BlackElo "1566"]
[PlyCount "78"]
[EventDate "2008.04.29"]

1. e4 c5 2. Nf3 Nc6 3. d4 cxd4 4. Nxd4 g6 5. c3 Bg7 6. Be3 Nf6 7. Nd2 O-O 8.
Be2 d5 9. exd5 Nxd5 10. Nxc6 bxc6 11. Bc5 Nf4 12. O-O Qd5 13. Ne4 Qxe4 14. Bf3
Qc4 15. Bxe7 Re8 16. Re1 Nd5 17. Re4 Qa6 18. Ra4 Qb7 19. Ba3 Bd7 20. Qd2 Rab8
21. Bxd5 cxd5 22. Rb4 Qc6 23. Rxb8 Rxb8 24. Re1 Be6 25. Qe3 Qb6 26. Bc5 Qxb2
27. Bxa7 Ra8 28. Bd4 Bxd4 29. cxd4 Rxa2 30. h3 Qd2 31. Kf1 Qxe3 32. fxe3 Bf5
33. Rc1 Be4 34. h4 Rxg2 35. Rc6 Rh2 36. Rf6 Rxh4 37. Kf2 Rh2+ 38. Ke1 Kg7 39.
Rf1 Rh1 0-1

[Event "Interclub A"]
[Site "Adelaide"]
[Date "2008.06.24"]
[Round "9.1"]
[White "Cloudsdale, Colin"]
[Black "Zaric, Srboljub"]
[Result "0-1"]
[WhiteElo "1962"]
[BlackElo "2101"]
[PlyCount "42"]
[EventDate "2008.04.29"]

1. e4 c5 2. Nf3 Nf6 3. e5 Nd5 4. d4 cxd4 5. Qxd4 e6 6. Bc4 Nc6 7. Qe4 Nb6 8.
Bb3 Na5 9. O-O d5 10. exd6 Bxd6 11. Nc3 Nxb3 12. axb3 f5 13. Qd4 O-O 14. Rd1
Be7 15. Be3 Qe8 16. Qxb6 axb6 17. Rxa8 Bf6 18. Na4 b5 19. Nb6 Qc6 20. c4 bxc4
21. bxc4 f4 0-1

[Event "Interclub A"]
[Site "Adelaide"]
[Date "2008.06.24"]
[Round "9.2"]
[White "Hoff, Michael"]
[Black "Rigo, Bernard"]
[Result "1-0"]
[WhiteElo "1840"]
[BlackElo "1777"]
[PlyCount "120"]
[EventDate "2008.04.29"]

1. e4 e5 2. d4 Nf6 3. dxe5 Nxe4 4. Bd3 d5 5. Bxe4 dxe4 6. Qxd8+ Kxd8 7. Nc3 Bb4
8. Bg5+ Ke8 9. O-O-O Nc6 10. Nxe4 Bf5 11. Ng3 Bg4 12. f3 Be6 13. a3 Bc5 14. f4
h6 15. Bh4 Be3+ 16. Kb1 Bxf4 17. N3e2 Bxe5 18. Nf3 f6 19. Nxe5 Nxe5 20. Nd4 Bg4
21. Rde1 Kf7 22. Rhf1 Ng6 23. Bg3 c6 24. h3 Bd7 25. Rd1 Rhd8 26. Bc7 Rdc8 27.
Bg3 c5 28. Nf5 Bxf5 29. Rxf5 Ne7 30. Rf3 Rd8 31. Rfd3 Rxd3 32. Rxd3 Nf5 33. Bf2
b6 34. g4 Ne7 35. Rd7 Ke6 36. Rb7 Rd8 37. Kc1 Rd7 38. Rxd7 Kxd7 39. Kd2 Nd5 40.
Bg3 c4 41. b3 cxb3 42. cxb3 b5 43. Kd3 g6 44. Kd4 Kc6 45. h4 h5 46. gxh5 gxh5
47. Ke4 Ne7 48. Bf2 Kd7 49. Bxa7 Ke6 50. Bf2 Nc6 51. a4 bxa4 52. bxa4 Nb4 53.
Kd4 Kd6 54. Kc4 Nd5 55. a5 Kc6 56. a6 Nb6+ 57. Kd4 Na8 58. Ke4 Kd6 59. Kf5 Kd5
60. Kxf6 Ke4 1-0

[Event "Interclub A"]
[Site "Adelaide"]
[Date "2008.06.24"]
[Round "9.3"]
[White "Griggs, James"]
[Black "Lidums, Aivars"]
[Result "1/2-1/2"]
[WhiteElo "1464"]
[BlackElo "1583"]
[PlyCount "51"]
[EventDate "2008.04.29"]

1. g3 g6 2. Bg2 Bg7 3. d3 d5 4. Nc3 Nf6 5. Bf4 c6 6. Qd2 Nbd7 7. Nf3 Qa5 8. Bh6
O-O 9. Bxg7 Kxg7 10. Nd4 e5 11. Nb3 Qb6 12. f4 Ng4 13. Nd1 Re8 14. h3 Ngf6 15.
g4 e4 16. Qc3 Kg8 17. dxe4 Nxe4 18. Bxe4 Rxe4 19. Qf3 Nc5 20. Nc3 Nxb3 21. axb3
Re8 22. O-O-O Qe3+ 23. Qxe3 Rxe3 24. Kd2 Re7 25. Rde1 Be6 26. e4 1/2-1/2